| 000 | 00924nam a2200301 a 4500 | ||
|---|---|---|---|
| 001 | 000107955 | ||
| 003 | CHAP | ||
| 005 | 20220329143950.0 | ||
| 008 | 131122s2009 mx | |r| |||1|||spa|d | ||
| 010 | _a104417 | ||
| 011 | _a105389 | ||
| 020 | _a9786071600523 | ||
| 040 | _cCHAP | ||
| 082 | 0 | 4 |
_a340.5098 _bC74 |
| 245 | 0 | 0 |
_aConfianza y derecho en América Latina / _ccoordinado por Marcelo Bergman y Carlos Rosenkrantz. |
| 260 |
_aMéxico, D.F. : _bFCE: _bCIDE, _c2009. |
||
| 300 | _a312 p. | ||
| 490 | 0 | _aSección de obras de política y derecho | |
| 590 |
_aE11695DGD _b10 _c20131125 _lUCH01 _h1146 |
||
| 590 |
_aE5995AHE _b05 _c20140922 _lUCH01 _h1402 |
||
| 590 |
_aE792CSJ _b05 _c20131122 _lUCH01 _h1450 |
||
| 650 | 1 | 4 |
_aDerecho civil _zAmérica Latina. _9124705 |
| 700 | 1 |
_aBergman, Marcelo _e, coord. _9124700 |
|
| 700 | 1 |
_aRosenkrantz, Carlos _e, coord. _9124701 |
|
| 901 | _aBK | ||
| 942 | _cLIBRO | ||
| 942 | _n0 | ||
| 999 |
_c104417 _d104417 |
||